000 00506nam a2200193Ia 4500
003 GCL
008 140319s9999 xx 000 0 aFre d
040 _aGCL /
_cGCL
082 0 4 _aCC
_b505.941
_bS G
100 1 _aM. SHIMY
245 1 0 _aCOLLECTION SCIENTIFIQUE: GRAFFITI DE LA MONTAGNE THEBAINE, TOME 4\6 /
_cM. SHIMY
700 1 _aSADEK, A.A.
260 _a[S.N] :
_bCEDAE ،
_c1983
300 _a242-261 P
650 0 4 _aEGYPTOLOGY
650 0 4 _aTHEBES
650 0 4 _aCOLLECTIONS
942 _2ddc
_cBK
999 _c17679
_d17679